00414nam a2200157Ia 45000010006000000050017000060080041000230410008000640820015000721000034000872450103001212600009002243000007002336500008002406540008002481657720260306170319.0260306t2009||||xx |||||||||||||| ||und|| aESP a348.7bT77 aTomaya Miyagusuku, JorgeeAUT 0aLos convenios colectivos en el Perú:b¿cómo están negociando hoy las empresas y sindicatos? c2009 ac aGEN aCDE